000 01125cam a22003014a 4500
999 _c330278
_d330278
001 15197212
003 NUST
005 20180117090027.0
008 080228s2007 pk b 001 0 eng
010 _a 2008328412
020 _a9780195475074
025 _aP-Si-2008328412
040 _aDLC
_cDLC
_dDLC
042 _alcode
043 _aa-pk---
050 0 0 _aHC440.5
_b.B839 2007
082 0 0 _a330.95491/053
_222
100 1 _aBurki, Shahid Javed.
_92782
245 1 0 _aChanging perceptions, altered reality :
_bPakistan's economy under Musharraf, 1999-2006 /
_cShahid Javed Burki.
260 _aKarachi ;
_aNew York :
_bOxford University Press,
_c2007.
300 _axviii, 373 p. ;
_c23 cm.
504 _aIncludes bibliographical references and index.
651 0 _aPakistan
_xEconomic conditions.
_92783
906 _a7
_bcbc
_corigode
_d3
_encip
_f20
_gy-gencatlg
942 _2ddc
_cBK